Every Canadian City With 100,000 or More People - Statistics

General Stats
  • This quiz has been taken 80 times
  • The average score is 28 of 54
Answer Stats
Population City % Correct
1,704,694 Montreal
100%
2,731,571 Toronto
100%
631,486 Vancouver
95%
932,546 Edmonton
94%
934,243 Ottawa
94%
1,239,220 Calgary
92%
531,902 Quebec City
91%
705,224 Winnipeg
89%
403,131 Halifax
85%
215,106 Regina
85%
246,376 Saskatoon
85%
108,860 St. John's
79%
536,917 Hamilton
73%
383,822 London
71%
721,599 Mississauga
68%
107,909 Thunder Bay
68%
217,188 Windsor
64%
593,638 Brampton
58%
159,458 Oshawa
56%
233,222 Kitchener
55%
422,993 Laval
55%
517,887 Surrey
55%
161,531 Greater Sudbury
53%
161,323 Sherbrooke
52%
276,245 Gatineau
50%
127,380 Kelowna
50%
123,798 Kingston
50%
131,794 Guelph
47%
328,966 Markham
47%
100,418 Red Deer
47%
198,309 Richmond
47%
306,233 Vaughan
45%
141,397 Abbotsford
44%
232,755 Burnaby
44%
134,413 Trois-Rivieres
39%
183,314 Burlington
38%
133,113 St. Catharines
38%
193,832 Oakville
36%
239,700 Longueuil
35%
141,434 Barrie
33%
104,986 Waterloo
32%
195,022 Richmond Hill
29%
145,949 Saguenay
29%
129,920 Cambridge
26%
110,128 Milton
26%
119,677 Ajax
24%
139,284 Coquitlam
23%
143,414 Levis
23%
102,238 Delta
21%
128,377 Whitby
21%
101,647 Chatham-Kent
20%
117,285 Langley
12%
114,148 Saanich
11%
111,575 Terrebonne
11%
No matching quizzes found
Score Distribution
Percent of People with Each Score
Percentile by Number Answered
Your Score History
You have not taken this quiz